000 00803nam a22002057a 4500
999 _c3542
_d3542
003 AR-CdUCM
008 190306b ||||| |||| 00| 0 spa d
040 _aMUNICIPALIDAD PROVINCIAL DEL CUSCO
_cBIBLIOTECA MUNICIPAL DEL CUSCO
082 _a339.3 /
_bC72
100 _aCollery, Arnold
_911610
245 _aIngreso nacional y ocupación /
260 _aBuenos Aires :
_bAmorrortu Editores ,
_c1970.
300 _a189 páginas :
_c19.5 cm.
505 _aContenido : La Produccion y el Ingreso -- La Teoria Clasica y la Teoria Keynesiana -- Elementos Basicos de la Teoria Keynesiana -- Los determinantes de las demandas de inversion...
650 _aEconomia Internacional
_93982
650 _aEconomia Nacional
_98710
650 _aEconomia de los Paises
_911611
942 _2ddc
_cLIBROS
945 _artm